Systems analysis for the food industry

Guardat en:
Dades bibliogràfiques
Autors principals: Bender, Filmore E (Autor), Kramer, Amiuh (Autor), Kahan, Gerald (Autor)
Format: Llibre
Idioma:anglès
Publicat: Westport AVI 1976
Matèries:
Etiquetes: Afegir etiqueta
Sense etiquetes, Sigues el primer a etiquetar aquest registre!

MARC

LEADER 00000nam a2200000 a 4500
001 UCR6755
003 CL-VaPUC
008 980423e19760000US |||||||||||||||||eng|d
082 0 4 |a 664.07  |b BEN  |2 21 
100 0 |a Bender, Filmore E  |e author  |9 407818 
700 0 |a Kramer, Amiuh  |e author  |9 407819 
700 0 |a Kahan, Gerald  |e author  |9 407820 
245 1 0 |a Systems analysis for the food industry 
300 |a 468 p 
942 |c BK 
945 |d 19980423 00:00:00  |a crobeson 
260 |a Westport  |b AVI  |c 1976 
650 7 |a TECNOLOGIA DE ALIMENTOS  |2 CL-VaPUC  |9 407821 
650 7 |a PRODUCCION ALIMENTARIA  |2 CL-VaPUC  |9 341875 
650 0 |a Industria alimentaria  |9 331702 
650 0 |a Análisis de sistemas   |9 260059 
650 0 |a Optimización  |9 339671 
650 7 |a CONTROL DE PRODUCCION  |2 CL-VaPUC  |9 271421 
650 0 |a Programación lineal   |9 23 
583 |a last modification  |c 19980423 00:00:00  |k Rodrigo Vera 
999 |c 268668  |d 268666 
952 |0 0  |1 0  |4 0  |6 664_070000000000000_BEN_1976  |7 0  |8 A  |9 301901  |a BIBALI  |b BIBALI  |c GEN  |d 2019-11-20  |i 198828K  |o 664.07 BEN 1976  |p 198828K  |r 2025-01-20  |w 2019-11-20  |y BK  |k ALI